007360000a220009700045001000030000002450057000303000031000875200431001186500032005497730057005811 aTorres Carrillo, Alfonso.10aEducación popular e investigación participativa. ano.42 (dic.,2009), p.40-47 aEn el presente artículo se presenta una visión de conjunto de las diferentes maneras como la educción popular ha incorporado en sus prácticas y reflexiones la producción de conocimientos, en particular las diferentes modalidades de la investigación participativa con la cual tiene parentesco en primer grado. Luego de una presentación de la educación popular como movimiento educativo y corriente pedagógica.14aEDUCACION - INVESTIGACIONES0 tRevista internacional magisterio : educación y ped